[Event "Gibraltar Challengers B 2020"]
[Site "Caleta"]
[Date "2020.01.27"]
[Round "4.28"]
[White "Ungureanu, Sandu"]
[Black "Gonzalvez Tamarit, Ivan"]
[Result "1-0"]
[WhiteElo "2066"]
[BlackElo "1918"]
[Annotator "NA"]
[PlyCount "99"]
[EventDate "2020.01.20"]
[EventType "swiss"]
[EventCountry "GGB"]
[SourceTitle "playchess.com"]
[Source "ChessBase"]
[SourceQuality "1"]
[TimeControl "6600+10"]

1. Nf3 {[%emt 0:00:00]} Nf6 {[%emt 0:00:23]} 2. c4 {[%emt 0:00:06]} b6 {[%emt 0:01:44]} 3. g3 {[%emt 0:00:13]} Bb7 {[%emt 0:00:08]} 4. Bg2 {[%emt 0:00:06]} g6 {[%emt 0:00:38]} 5. O-O {[%emt 0:00:07]} Bg7 {[%emt 0:00:03]} 6. Nc3 {[%emt 0:00:19]} O-O {[%emt 0:02:07]} 7. d4 {[%emt 0:00:29]} Ne4 {[%emt 0:00:15]} 8. Qd3 {[%emt 0:01:47] A50: Queen's Fianchetto Defence (1 d4 Nf6 2 c4 b6)} (8. Nxe4 Bxe4 9. Be3 c5 10. Qd2 d6 11. Bh6 Nd7 12. Bxg7 {½-½ (12) Erdos,V (2609)-Almasi,Z (2691) Budapest 2019}) 8... Nxc3 {[%emt 0:00:49]} 9. Qxc3 {[%emt 0:00:34]} d6 {[%emt 0:01:32]} 10. Qd3 $146 {[%emt 0:00:43]} ({Predecessor:} 10. Qc2 Nd7 11. e4 e5 12. d5 a5 13. Rb1 Nc5 14. b3 Bc8 15. Nd2 Bh6 16. a3 {½-½ (23) Khusenkhojaev,M (2462)-Deviatkin,A (2471) New Delhi 2018}) 10... Nd7 {[%emt 0:03:31]} 11. Be3 {[%emt 0:01:00]} c5 {[%emt 0:02:15]} 12. Rad1 {[%emt 0:00:52]} Qc7 {[%emt 0:03:50]} 13. b3 {[%emt 0:00:53]} Rad8 {[%emt 0:10:40]} 14. Qd2 {[%emt 0:03:03]} Rfe8 {[%emt 0:04:31]} 15. Bh6 {[%emt 0:00:46]} Bh8 {[%emt 0:02:13]} ({Black should play} 15... Bxf3 $15 16. Bxf3 Bxd4) 16. d5 {[%emt 0:00:08]} Ne5 {[%emt 0:06:57]} 17. Nxe5 {[%emt 0:00:52]} Bxe5 {[%emt 0:00:36]} 18. f4 {[%emt 0:00:14]} Bd4+ {[%emt 0:01:20]} 19. e3 {[%emt 0:00:10]} Bg7 {[%emt 0:00:18]} 20. Bxg7 {[%emt 0:00:09]} Kxg7 {[%emt 0:00:11]} 21. f5 {[%emt 0:00:07]} f6 {[%emt 0:12:52]} 22. fxg6 {[%emt 0:03:30]} hxg6 {[%emt 0:00:14]} 23. Be4 {[%emt 0:00:50]} e5 {[%emt 0:04:28]} 24. g4 {[%emt 0:03:32]} Qd7 {[%emt 0:12:06]} 25. Qg2 {[%emt 0:00:54]} Bc8 {[%emt 0:01:40]} 26. h3 {[%emt 0:00:30]} Rh8 {[%emt 0:02:16]} 27. Rf3 {[%emt 0:00:51]} Rdf8 {[%emt 0:01:38]} 28. Rdf1 {[%emt 0:01:01]} Qe7 {[%emt 0:00:50]} 29. Qg3 {[%emt 0:02:47]} g5 {[%emt 0:00:26]} 30. Qg2 $11 {[%emt 0:01:18]} Qc7 {[%emt 0:06:14]} 31. R1f2 {[%emt 0:02:21]} Bd7 {[%emt 0:03:16]} 32. Qf1 {[%emt 0:01:51]} Rh6 {[%emt 0:00:08]} 33. h4 {[%emt 0:01:44]} Rxh4 {[%emt 0:04:16]} 34. Rxf6 {[%emt 0:00:13]} Rxf6 {[%emt 0:01:28]} 35. Rxf6 {[%emt 0:00:12]} Rxg4+ {[%emt 0:01:05]} 36. Bg2 {[%emt 0:00:19]} Rf4 {[%emt 0:04:51]} 37. exf4 {[%emt 0:00:59]} Kxf6 {[%emt 0:00:10]} 38. fxe5+ {[%emt 0:01:33]} Kxe5 {[%emt 0:00:30]} 39. Qa1+ {[%emt 0:00:39]} Kf5 {[%emt 0:00:42]} 40. Qg7 {[%emt 0:00:20]} g4 {[%emt 0:01:08]} 41. Qh7+ {[%emt 0:01:51]} Kf4 {[%emt 0:01:11]} 42. Qh6+ {[%emt 0:00:32]} Ke5 {[%emt 0:00:41]} 43. Qe3+ {[%emt 0:00:57]} Kf6 {[%emt 0:00:18]} 44. Qf4+ {[%emt 0:01:13]} Bf5 {[%emt 0:00:40]} 45. Be4 {[%emt 0:00:05]} Qd7 {[%emt 0:00:12]} 46. Kf2 {[%emt 0:00:56]} Qh7 {[%emt 0:03:13]} 47. Qxd6+ {[%emt 0:00:35]} Kg5 {[%emt 0:00:19]} 48. Qe5 {[%emt 0:00:56]} Qh4+ {[%emt 0:03:59]} 49. Ke2 {[%emt 0:00:12]} Kh6 {[%emt 0:01:07]} 50. Qh8+ {[%emt 0:00:21]} 1-0

[Event "Gibraltar Challengers B 2020"]
[Site "Caleta"]
[Date "2020.01.27"]
[Round "4.29"]
[White "Lung, Liviu-Catalin"]
[Black "Ashwani Kumar Grover"]
[Result "1/2-1/2"]
[WhiteElo "2041"]
[BlackElo "1731"]
[Annotator "NA"]
[PlyCount "109"]
[EventDate "2020.01.20"]
[EventType "swiss"]
[EventCountry "GGB"]
[SourceTitle "playchess.com"]
[Source "ChessBase"]
[SourceQuality "1"]
[TimeControl "6600+10"]

1. e4 {[%emt 0:00:00]} e6 {[%emt 0:14:26]} 2. d3 {[%emt 0:00:43]} d5 {[%emt 0:00:12]} 3. Nd2 {[%emt 0:00:08]} Nf6 {[%emt 0:00:11]} 4. Ngf3 {[%emt 0:00:18]} c5 {[%emt 0:00:18]} 5. g3 {[%emt 0:00:24]} Nc6 {[%emt 0:00:06]} 6. Bg2 {[%emt 0:00:04]} dxe4 {[%emt 0:00:52]} 7. dxe4 {[%emt 0:00:07]} e5 {[%emt 0:00:12]} 8. O-O {[%emt 0:00:26]} Qc7 {[%emt 0:00:29]} 9. c3 {[%emt 0:00:36]} Be7 {[%emt 0:00:40]} 10. Nc4 {[%emt 0:04:36]} Be6 {[%emt 0:07:03] C00: French: Unusual White 2nd moves} 11. Ne3 {[%emt 0:01:58]} (11. Qe2 h6 12. Nh4 O-O 13. Ne3 Rfd8 14. Nhf5 Bf8 15. Qf3 Be7 16. g4 Rd7 17. h4 Rad8 18. g5 hxg5 19. hxg5 {1-0 (37) Martinez Duany,L (2463)-Andrenko,I (2233) Mexico City 2012}) 11... Nxe4 {[%emt 0:05:37]} 12. Nd5 $146 {[%emt 0:03:15]} ({Predecessor:} 12. Qa4 f5 13. Re1 O-O 14. Nxf5 Bxf5 15. Rxe4 Bxe4 16. Qxe4 Rad8 17. Bg5 Qd6 18. Re1 {1-0 (42) Huettig,M (2179)-Bischoff,M (1945) Ditzingen 2006}) 12... Bxd5 {[%emt 0:02:15]} 13. Qxd5 {[%emt 0:00:07]} Nf6 {[%emt 0:00:09]} 14. Qc4 {[%emt 0:00:35]} O-O {[%emt 0:00:43]} 15. Bg5 {[%emt 0:01:21]} h6 {[%emt 0:00:09]} 16. Bxf6 {[%emt 0:00:11]} Bxf6 {[%emt 0:06:53]} 17. Qxc5 {[%emt 0:00:30]} Be7 {[%emt 0:01:03]} 18. Qe3 {[%emt 0:04:30]} (18. Qc4 $14) 18... Bd6 {[%emt 0:01:11]} (18... f5 $11) 19. Rad1 {[%emt 0:06:17]} f5 {[%emt 0:01:50]} 20. Nh4 {[%emt 0:09:04]} Rad8 {[%emt 0:07:38] [#]} (20... Rf6 $1 $11) 21. g4 $1 {[%emt 0:05:29]} Ne7 {[%emt 0:10:40]} 22. gxf5 {[%emt 0:02:59]} ({Much weaker is} 22. Qxa7 $6 e4 $11) 22... Bc5 {[%emt 0:00:35]} 23. Qe4 {[%emt 0:04:21]} Rxd1 {[%emt 0:02:16]} 24. Rxd1 {[%emt 0:00:08]} g5 {[%emt 0:00:14]} 25. Ng6 {[%emt 0:06:03]} Nxg6 {[%emt 0:01:44]} 26. fxg6 {[%emt 0:01:17]} Rxf2 {[%emt 0:00:30]} 27. Kh1 {[%emt 0:08:41]} Rxb2 {[%emt 0:05:36]} 28. Qd5+ {[%emt 0:06:09]} Kg7 {[%emt 0:05:01]} 29. Qe6 {[%emt 0:01:22]} Qe7 {[%emt 0:06:09]} 30. Rd7 {[%emt 0:03:40]} Rb1+ {[%emt 0:00:07]} 31. Bf1 {[%emt 0:00:06]} Rxf1+ {[%emt 0:00:05]} 32. Kg2 {[%emt 0:00:03]} Rf2+ {[%emt 0:00:08]} 33. Kg3 {[%emt 0:00:14]} Qxd7 {[%emt 0:00:51]} 34. Qxd7+ {[%emt 0:00:09]} Kxg6 {[%emt 0:00:13]} 35. Qxb7 {[%emt 0:03:10]} Rf6 {[%emt 0:02:03]} 36. Qe4+ {[%emt 0:04:02]} Kg7 {[%emt 0:02:09]} 37. Qd5 {[%emt 0:01:20]} Bb6 {[%emt 0:02:22]} 38. Qxe5 {[%emt 0:02:04]} Kg6 {[%emt 0:00:10]} 39. Qe4+ {[%emt 0:02:39]} Kg7 {[%emt 0:00:13]} 40. c4 {[%emt 0:00:57]} h5 {[%emt 0:00:17]} 41. Qe7+ {[%emt 0:01:04]} Kg6 {[%emt 0:00:30]} 42. c5 {[%emt 0:01:33]} Ba5 {[%emt 0:00:59]} 43. c6 {[%emt 0:06:38]} Bb6 {[%emt 0:00:05]} 44. Qe4+ {[%emt 0:02:39]} Kh6 {[%emt 0:00:59]} 45. Qc2 {[%emt 0:08:27]} Bc7+ {[%emt 0:04:12]} 46. Kg2 {[%emt 0:00:02]} h4 {[%emt 0:00:10]} 47. h3 {[%emt 0:00:24]} Kg7 {[%emt 0:03:49]} 48. Qd2 {[%emt 0:00:32]} Kh6 {[%emt 0:00:44]} 49. Qc2 {[%emt 0:01:02]} Kg7 {[%emt 0:00:07]} 50. a4 {[%emt 0:00:16]} a5 {[%emt 0:00:03]} 51. Qc5 {[%emt 0:00:43]} Kg6 {[%emt 0:03:22]} 52. Qd4 {[%emt 0:00:30]} Kg7 {[%emt 0:01:52]} 53. Qd7+ {[%emt 0:01:02]} Rf7 {[%emt 0:00:16]} 54. Qe8 $18 {[%emt 0:00:19]} Bb6 {[%emt 0:01:42]} 55. Qe5+ {[%emt 0:00:16]} 1/2-1/2

[Event "Gibraltar Challengers B 2020"]
[Site "Caleta"]
[Date "2020.01.27"]
[Round "4.31"]
[White "Niharika Ch"]
[Black "Filipovich, David"]
[Result "1/2-1/2"]
[WhiteElo "1865"]
[BlackElo "1995"]
[Annotator "NA"]
[PlyCount "89"]
[EventDate "2020.01.20"]
[EventType "swiss"]
[EventCountry "GGB"]
[SourceTitle "playchess.com"]
[Source "ChessBase"]
[SourceQuality "1"]
[TimeControl "6600+10"]

1. e4 {[%emt 0:00:03]} g6 {[%emt 0:00:11]} 2. d4 {[%emt 0:00:05]} Bg7 {[%emt 0:00:05]} 3. Nc3 {[%emt 0:00:08]} c6 {[%emt 0:00:08]} 4. Be3 {[%emt 0:00:11]} d5 {[%emt 0:00:22]} 5. h3 {[%emt 0:00:24]} Qb6 {[%emt 0:10:02]} (5... dxe4 6. Nxe4 Nd7 7. c4 Ngf6 8. Nc3 O-O 9. Nf3 Qa5 10. Qc2 e5 11. Be2 Re8 12. O-O exd4 13. Nxd4 {1-0 (27) Sargsyan,S (2529)-Aliyev,R (2385) Batumi 2019}) 6. b3 {[%emt 0:03:40] B15: Caro-Kann: 3 Nc3: 3...g6 and 3...dxe4 4 Nxe4 Nf6 5 Nxf6+ exf6} dxe4 {[%emt 0:09:50]} 7. Nxe4 {[%emt 0:01:21]} Nd7 $146 {[%emt 0:09:33]} ({Predecessor:} 7... Nh6 8. c3 Nf5 9. Bf4 Be6 10. Nf3 Nd7 11. Bd3 Nf6 12. Nc5 Bd5 13. O-O Bxf3 14. Qxf3 {½-½ (50) Kamaluddin,Y-Sakellarakis,D UECC Email 1999}) 8. Qd2 {[%emt 0:04:08]} Ngf6 {[%emt 0:01:22]} 9. Nc3 {[%emt 0:01:43]} Nd5 {[%emt 0:08:25]} 10. Nxd5 {[%emt 0:00:26]} cxd5 {[%emt 0:00:06]} 11. Ne2 {[%emt 0:01:35]} Nf6 {[%emt 0:04:35]} 12. Nc3 {[%emt 0:00:08]} Bd7 {[%emt 0:05:33]} 13. g4 {[%emt 0:06:22]} e6 {[%emt 0:16:11]} 14. Bd3 {[%emt 0:03:14]} Rc8 {[%emt 0:04:42]} 15. g5 {[%emt 0:03:11]} (15. f3 $11 {remains equal.}) 15... Ng8 {[%emt 0:00:12]} 16. Ne2 {[%emt 0:01:13]} Bb5 {[%emt 0:03:17]} 17. Bxb5+ {[%emt 0:05:47]} Qxb5 {[%emt 0:00:06]} 18. h4 {[%emt 0:00:50]} Ne7 {[%emt 0:04:56]} 19. Ng3 {[%emt 0:01:34]} Qc6 {[%emt 0:01:18]} 20. O-O-O {[%emt 0:03:44]} Qc3 {[%emt 0:00:50]} 21. Qxc3 {[%emt 0:00:19]} Rxc3 {[%emt 0:00:06]} 22. Kb2 {[%emt 0:01:38]} Rc6 {[%emt 0:00:47]} 23. h5 {[%emt 0:03:50]} Nf5 {[%emt 0:03:40]} 24. hxg6 {[%emt 0:07:56]} hxg6 {[%emt 0:00:23]} 25. Rxh8+ {[%emt 0:00:29]} Bxh8 {[%emt 0:00:07]} 26. Nxf5 {[%emt 0:00:04]} gxf5 {[%emt 0:01:44]} 27. Bf4 {[%emt 0:01:59]} Bg7 {[%emt 0:00:59]} 28. Be5 {[%emt 0:00:05]} Bxe5 {[%emt 0:01:00]} 29. dxe5 {[%emt 0:00:05]} Kf8 {[%emt 0:00:30]} 30. a4 {[%emt 0:01:54]} Kg7 {[%emt 0:00:13]} 31. Rh1 {[%emt 0:03:18]} Rc8 {[%emt 0:04:13]} 32. f4 {[%emt 0:01:15]} Rh8 {[%emt 0:00:56]} 33. Rxh8 {[%emt 0:02:22]} Kxh8 {[%emt 0:00:06]} 34. Kc3 {[%emt 0:00:42]} Kg7 {[%emt 0:00:13]} 35. Kd4 {[%emt 0:04:31]} Kf8 {[%emt 0:00:06]} 36. b4 {[%emt 0:04:38]} Ke7 {[%emt 0:01:04]} 37. a5 {[%emt 0:03:13]} Kd7 {[%emt 0:01:08]} 38. Kc5 {[%emt 0:00:25]} Kc7 {[%emt 0:02:04]} 39. b5 {[%emt 0:02:22]} Kd7 {[%emt 0:01:42]} 40. Kd4 {[%emt 0:07:37]} Kc7 $11 {[%emt 0:00:11]} 41. Kc5 {[%emt 0:00:39]} Kd7 {[%emt 0:00:05]} 42. Kb4 {[%emt 0:01:50]} Kc7 {[%emt 0:00:07]} 43. Ka4 {[%emt 0:00:25]} Kd7 {[%emt 0:01:00]} 44. Kb4 {[%emt 0:02:14]} Kc7 {[%emt 0:00:05]} 45. Kc5 {[%emt 0:00:02]} 1/2-1/2

[Event "Gibraltar Challengers B 2020"]
[Site "Caleta"]
[Date "2020.01.27"]
[Round "4.32"]
[White "Kunnavakkam, Sudarshanagopal Vin"]
[Black "Wang, Cong"]
[Result "1-0"]
[WhiteElo "1786"]
[BlackElo "1975"]
[Annotator "NA"]
[PlyCount "65"]
[EventDate "2020.01.20"]
[EventType "swiss"]
[EventCountry "GGB"]
[SourceTitle "playchess.com"]
[Source "ChessBase"]
[SourceQuality "1"]
[TimeControl "6600+10"]

1. e4 {[%emt 0:00:54]} e5 {[%emt 0:00:00]} 2. d4 {[%emt 0:00:45]} exd4 {[%emt 0:00:05]} 3. c3 {[%emt 0:00:11]} d5 {[%emt 0:00:07]} 4. Qxd4 {[%emt 0:00:06]} dxe4 {[%emt 0:01:40]} (4... Nf6 5. exd5 Qxd5 6. Qxd5 Nxd5 7. Nf3 Bd6 8. Bc4 Nb6 9. Bb5+ Bd7 10. Bxd7+ N8xd7 11. O-O O-O 12. Nbd2 {½-½ (46) Mariano,N (2416)-Antonio,R (2523) Tagaytay City 2004}) 5. Qxe4+ {[%emt 0:00:07]} Qe7 {[%emt 0:02:37]} 6. Qxe7+ {[%emt 0:01:48] C21: Danish Gambit} Bxe7 {[%emt 0:00:18]} 7. Bc4 {[%emt 0:00:13]} Nf6 {[%emt 0:00:43]} 8. Bf4 $146 {[%emt 0:01:12]} ({Predecessor:} 8. Nf3 O-O 9. O-O Bd6 10. Re1 Nc6 11. Bg5 Nd7 12. Nbd2 {½-½ (57) Piay Augusto,D (2240)-Vazquez,A Vilagarcia 2000}) 8... Bd6 {[%emt 0:01:35]} 9. Bxd6 {[%emt 0:01:09]} cxd6 {[%emt 0:00:01]} 10. Na3 {[%emt 0:01:47]} d5 {[%emt 0:03:22]} 11. Bb3 {[%emt 0:00:09]} a6 {[%emt 0:02:51]} 12. Rd1 {[%emt 0:01:47]} Be6 {[%emt 0:00:28]} 13. Ne2 {[%emt 0:00:58]} Nc6 {[%emt 0:01:54]} 14. Nf4 {[%emt 0:01:34]} O-O-O {[%emt 0:01:13]} 15. O-O {[%emt 0:01:36]} Na5 {[%emt 0:05:10]} 16. Nxe6 {[%emt 0:02:31]} fxe6 {[%emt 0:00:14]} 17. Bc2 {[%emt 0:01:37]} e5 {[%emt 0:01:12]} 18. Rfe1 {[%emt 0:04:01]} Rhe8 {[%emt 0:00:20]} 19. Rd2 {[%emt 0:02:45]} g6 {[%emt 0:10:45]} 20. f3 {[%emt 0:03:15]} Nc6 {[%emt 0:03:26]} 21. Bb1 {[%emt 0:04:30]} d4 {[%emt 0:03:31]} 22. cxd4 {[%emt 0:03:47]} exd4 {[%emt 0:00:08]} 23. Red1 $11 {[%emt 0:06:05]} Re6 {[%emt 0:27:02]} 24. Bd3 {[%emt 0:01:51]} b5 {[%emt 0:02:18]} 25. Nc2 {[%emt 0:00:47]} Red6 {[%emt 0:06:05]} 26. a4 {[%emt 0:01:57]} Rd5 {[%emt 0:00:36]} 27. Na3 {[%emt 0:01:36]} Nb4 {[%emt 0:02:30]} 28. axb5 {[%emt 0:00:33]} Nxd3 {[%emt 0:02:10]} 29. Rxd3 {[%emt 0:00:20]} axb5 {[%emt 0:00:05]} 30. Nc2 {[%emt 0:00:29]} Nh5 {[%emt 0:06:36]} 31. Rxd4 {[%emt 0:02:02]} Nf4 {[%emt 0:01:39]} 32. Kf2 {[%emt 0:00:44]} Nd3+ {[%emt 0:01:02]} 33. R1xd3 {[%emt 0:00:51]} 1-0

[Event "Gibraltar Challengers B 2020"]
[Site "Caleta"]
[Date "2020.01.27"]
[Round "4.33"]
[White "Hng, Mei-Xian Eunice"]
[Black "Fabregas, Oliver"]
[Result "1-0"]
[WhiteElo "1661"]
[BlackElo "1951"]
[Annotator "NA"]
[PlyCount "93"]
[EventDate "2020.01.20"]
[EventType "swiss"]
[EventCountry "GGB"]
[SourceTitle "playchess.com"]
[Source "ChessBase"]
[SourceQuality "1"]
[TimeControl "6600+10"]

1. e4 {[%emt 0:20:12]} c5 {[%emt 0:00:08]} 2. d4 {[%emt 0:00:20]} cxd4 {[%emt 0:00:13]} 3. c3 {[%emt 0:00:10]} d3 {[%emt 0:00:51]} 4. Bxd3 {[%emt 0:00:39]} e5 {[%emt 0:00:16]} (4... d6 5. f4 Nf6 6. Nf3 Nc6 7. O-O Bg4 8. Nbd2 e6 9. Qb3 Qc7 10. Nc4 Be7 11. Ne3 Bh5 12. h3 Bxf3 13. Rxf3 {1-0 (32) Grigoryan,K (2608)-Moussard,J (2608) chess24.com INT 2019}) 5. Nf3 {[%emt 0:04:40]} d6 {[%emt 0:01:43]} 6. O-O {[%emt 0:04:34] B21: Sicilian: 2 f4 and Morra Gambit} Nf6 {[%emt 0:00:53]} 7. h3 {[%emt 0:04:07]} Be7 {[%emt 0:00:41]} 8. Be3 {[%emt 0:00:43]} O-O {[%emt 0:01:23]} 9. Nbd2 {[%emt 0:01:52]} b6 $146 {[%emt 0:02:01]} ({Predecessor:} 9... Nc6 10. Bc2 d5 11. exd5 Nxd5 12. Qe2 Nxe3 13. Qxe3 f6 {1-0 (27) Lukacs,A-Wiendels,F Utrecht 2001}) 10. Qe2 {[%emt 0:06:05]} Bb7 {[%emt 0:00:59]} 11. a4 {[%emt 0:02:20]} Nbd7 {[%emt 0:03:05]} 12. Bc2 {[%emt 0:05:06]} d5 {[%emt 0:15:31]} 13. Bg5 {[%emt 0:14:42]} (13. exd5 $14 Nxd5 14. a5) 13... h6 {[%emt 0:07:20]} (13... dxe4 $1 $15 14. Ne1 Nd5 15. Bxe7 Qxe7 16. Bxe4 Nf4) 14. Bxf6 $1 {[%emt 0:00:55]} Bxf6 {[%emt 0:00:17]} (14... Nxf6 $14 15. exd5 (15. Nxe5 d4 $14) 15... Bxd5) 15. exd5 {[%emt 0:01:31]} Bxd5 {[%emt 0:01:15]} 16. Qd3 {[%emt 0:00:39]} e4 {[%emt 0:02:35]} 17. Nxe4 {[%emt 0:01:28]} Bxe4 {[%emt 0:01:12]} 18. Qxe4 {[%emt 0:00:10]} g6 {[%emt 0:00:23]} 19. Qf4 {[%emt 0:09:50]} Bg7 {[%emt 0:08:46]} 20. Rad1 {[%emt 0:02:55]} Qf6 {[%emt 0:04:25]} 21. Qxf6 {[%emt 0:03:30]} Nxf6 {[%emt 0:00:03]} 22. Rfe1 {[%emt 0:00:16]} Rfe8 {[%emt 0:02:11]} 23. Kf1 {[%emt 0:03:41]} Kf8 {[%emt 0:05:54]} 24. Rxe8+ {[%emt 0:02:00]} Rxe8 {[%emt 0:00:24]} 25. Re1 {[%emt 0:00:31]} Rc8 {[%emt 0:03:26]} 26. Ne5 {[%emt 0:03:24]} Nh5 {[%emt 0:09:07]} 27. Nd7+ {[%emt 0:02:20]} Kg8 {[%emt 0:00:13]} 28. Re7 {[%emt 0:01:10]} f5 {[%emt 0:06:08]} 29. g4 {[%emt 0:07:45]} fxg4 {[%emt 0:01:52]} 30. Bxg6 {[%emt 0:01:12]} Nf6 {[%emt 0:04:34]} 31. hxg4 {[%emt 0:01:34]} Nxd7 {[%emt 0:10:06]} 32. Rxd7 {[%emt 0:00:13]} a5 {[%emt 0:01:51]} 33. f4 {[%emt 0:04:52]} Rc6 {[%emt 0:01:11]} 34. Be4 {[%emt 0:01:49]} Rf6 {[%emt 0:02:10]} 35. f5 {[%emt 0:00:48]} Bf8 {[%emt 0:00:39]} 36. Bd5+ {[%emt 0:01:33]} Kh8 {[%emt 0:00:12]} 37. Be6 {[%emt 0:00:16]} Bc5 {[%emt 0:00:41]} 38. Rd8+ {[%emt 0:01:06]} Kg7 {[%emt 0:00:57]} 39. Ke2 {[%emt 0:01:03]} Rf8 {[%emt 0:02:26]} 40. Rxf8 {[%emt 0:05:18]} Bxf8 {[%emt 0:00:12]} 41. Kd3 {[%emt 0:01:25]} Kf6 {[%emt 0:00:12]} 42. Kc4 {[%emt 0:00:40]} Kg5 {[%emt 0:01:22]} 43. Kb5 {[%emt 0:00:22]} Bc5 {[%emt 0:00:06]} 44. b4 {[%emt 0:00:34]} axb4 {[%emt 0:00:29]} 45. cxb4 {[%emt 0:00:04]} Be3 $18 {[%emt 0:00:37]} 46. a5 {[%emt 0:00:21]} bxa5 {[%emt 0:00:23]} 47. bxa5 {[%emt 0:00:08]} 1-0

[Event "Gibraltar Challengers B 2020"]
[Site "Caleta"]
[Date "2020.01.27"]
[Round "4.34"]
[White "Lee, Alexandre KM"]
[Black "Mao, Yingzhou"]
[Result "0-1"]
[WhiteElo "1557"]
[BlackElo "1948"]
[Annotator "NA"]
[PlyCount "74"]
[EventDate "2020.01.20"]
[EventType "swiss"]
[EventCountry "GGB"]
[SourceTitle "playchess.com"]
[Source "ChessBase"]
[SourceQuality "1"]
[TimeControl "6600+10"]

1. e4 {[%emt 0:00:00]} c5 {[%emt 0:00:00]} 2. Nf3 {[%emt 0:00:12]} Nc6 {[%emt 0:00:05]} 3. d4 {[%emt 0:00:17]} cxd4 {[%emt 0:00:11]} 4. Nxd4 {[%emt 0:00:16]} Nf6 {[%emt 0:00:07]} 5. Nc3 {[%emt 0:00:36]} e5 {[%emt 0:00:10]} 6. Nde2 {[%emt 0:00:28]} Bc5 {[%emt 0:03:36]} 7. Ng3 {[%emt 0:01:45]} d6 {[%emt 0:02:10]} 8. Bc4 {[%emt 0:05:22]} Bg4 {[%emt 0:03:22]} 9. f3 {[%emt 0:02:31]} Be6 {[%emt 0:00:23]} 10. Nd5 {[%emt 0:04:01]} O-O {[%emt 0:01:55]} 11. Bg5 {[%emt 0:06:10]} Bxd5 {[%emt 0:01:50]} 12. exd5 {[%emt 0:03:06]} Na5 {[%emt 0:03:32]} 13. Bd3 {[%emt 0:01:29]} Qb6 {[%emt 0:09:45]} 14. Bxf6 $1 {[%emt 0:08:24]} gxf6 {[%emt 0:09:29]} 15. Ne4 $2 {[%emt 0:12:20]} (15. b3 $18) 15... Kg7 {[%emt 0:03:31]} 16. Nxc5 $2 {[%emt 0:05:44]} (16. Rb1 $18) 16... Qxc5 $11 {[%emt 0:03:21]} 17. Be2 {[%emt 0:15:22]} Rac8 {[%emt 0:11:24]} 18. c3 {[%emt 0:05:28]} Nc4 {[%emt 0:03:55]} 19. Bxc4 {[%emt 0:02:29]} Qxc4 {[%emt 0:00:03]} 20. Qb3 {[%emt 0:00:29]} Qd3 {[%emt 0:02:36]} 21. Qd1 {[%emt 0:02:46]} Qb5 {[%emt 0:01:20]} 22. Qb3 {[%emt 0:01:21]} Rc5 {[%emt 0:00:35]} 23. Qxb5 {[%emt 0:03:03]} Rxb5 {[%emt 0:00:02]} 24. O-O-O {[%emt 0:00:10]} Rc8 {[%emt 0:01:21]} 25. Kc2 {[%emt 0:03:22]} f5 {[%emt 0:03:18]} 26. b4 {[%emt 0:00:51]} Rxb4 {[%emt 0:00:38]} 27. Rb1 {[%emt 0:02:38]} Rbc4 {[%emt 0:00:50]} 28. Rb3 {[%emt 0:00:12]} b5 {[%emt 0:01:40]} 29. Rd1 {[%emt 0:02:39]} e4 {[%emt 0:00:28]} 30. fxe4 {[%emt 0:00:42]} fxe4 {[%emt 0:00:02]} 31. Re1 {[%emt 0:00:22]} R8c5 {[%emt 0:00:20]} 32. Re3 {[%emt 0:01:29]} Rxd5 {[%emt 0:00:17]} 33. Ra3 {[%emt 0:00:58]} Rg5 {[%emt 0:03:42]} 34. g3 {[%emt 0:01:40]} Rgc5 {[%emt 0:00:34]} 35. Rxa7 {[%emt 0:00:44]} b4 {[%emt 0:00:13]} 36. Ra4 {[%emt 0:00:39]} d5 {[%emt 0:00:27]} 37. Kd2 {[%emt 0:01:54]} bxc3+ {[%emt 0:00:14]} 0-1